[Event "54th Hastings it"]
[Site "Hastings ENG"]
[Date "1979.01.02"]
[Round "5"]
[White "Vasiukov, Evgeny"]
[WhiteTitle "GM"]
[WhiteElo "2560"]
[Black "Mestel, Andrew Jonathan"]
[BlackTitle "IM"]
[BlackElo "2475"]
[Result "1-0"]
[PlyCount "83"]
[EventDate "1978.12.28"]

1. e4 c5 2. Nf3 d6 3. Bb5+ Nd7 4. O-O Ngf6 5. Re1 e5 6. c3 a6 7. Bf1 Be7 8. d4 O-O 9. Nbd2 b5 10. h3 Qb6 11. b3 Re8 12. Bb2 Bf8 13. a4 Rb8 14. Ra2 Bb7 15. d5 Bc8 16. Qc2 b4 17. Nc4 Qc7 18. Ne3 Qb7 19. Nd2 g6 20. a5 h5 21. Ra4 Bh6 22. Raa1 Kh7 23. Qd1 Qc7 24. Bd3 Qd8 25. Qe2 Ra8 26. Ndc4 Qe7 27. Ra4 bxc3 28. Bxc3 h4 29. Qf3 Rb8 30. Rb1 Kg8 31. Ra2 Kg7 32. Rab2 Nh7 33. Ng4 Bg5 34. b4 Rf8 35. Bc2 f5 36. exf5 gxf5 37. Nge3 cxb4 38. Nxf5+ Rxf5 39. Qxf5 Ndf8 40. Nxd6 bxc3 41. Rxb8 Bd7 42. R1b6 {Source: CHESS, January 1979, Vol.44/809-10, p118} 1-0

[Event "54th Hastings it"]
[Site "Hastings ENG"]
[Date "1979.01.03"]
[Round "6"]
[White "Christiansen, Larry"]
[WhiteTitle "GM"]
[WhiteElo "2475"]
[Black "Speelman, Jonathan Simon"]
[BlackTitle "IM"]
[BlackElo "2470"]
[Result "1-0"]
[PlyCount "125"]
[EventDate "1978.12.28"]

1. c4 e6 2. Nc3 b6 3. d4 Bb4 4. e4 Bb7 5. f3 Ne7 $6 (5... f5 {or 5...Qh4+!? - Speelman}) 6. Bd3 e5 $5 7. a3 $1 exd4 8. axb4 dxc3 9. bxc3 $16 Ng6 10. Ne2 Nc6 11. O-O Nce5 12. Bc2 O-O 13. c5 $1 d6 14. cxb6 axb6 15. Rxa8 Bxa8 16. f4 Nd7 17. Ng3 Re8 18. c4 f6 19. Qg4 Ndf8 20. Re1 Qd7 21. Nf5 Qc6 22. Nd4 $1 Qd7 23. Qxd7 Nxd7 24. Nb5 Rc8 25. Bd2 Ne7 26. Ra1 Bc6 27. Nd4 Bb7 28. Ra7 Nc6 29. Rxb7 Nxd4 30. Bd1 Ra8 31. Bc3 Ne6 32. Bg4 Ndf8 33. f5 Ng5 34. Rxc7 Ra3 35. Bd4 Rb3 36. h4 Nxe4 37. Bf3 d5 38. Bxb6 Rxb4 39. Bxe4 (39. Bc5 Rxc4 40. Bxe4 dxe4 {is the move order given at chessgames.com}) 39... dxe4 40. Bc5 Rxc4 41. Rc8 h5 $5 {(sealed)} 42. Rxf8+ Kh7 43. Be3 Ra4 44. Rc8 Ra2 45. Kf1 Rb2 46. Rc4 Rb5 47. Rc5 Rb2 48. Ra5 Kg8 49. Rd5 Kh7 50. Bd2 Rb1+ 51. Kf2 Rb3 52. Be3 Ra3 53. Rc5 Rd3 54. Ke2 Rd7 55. Rc1 Rd5 56. Rf1 Ra5 57. Rf4 Ra2+ 58. Bd2 Ra4 59. Ke3 Ra3+ 60. Ke2 Rg3 61. Kf2 Rd3 62. Be3 Rd5 63. Kg3 {Source: International Chess, No.1 (February 1979)} 1-0

[Event "54th Hastings it"]
[Site "Hastings ENG"]
[Date "1979.01.06"]
[Round "9"]
[White "Peters, John"]
[WhiteElo "2475"]
[Black "Mestel, Andrew Jonathan"]
[BlackTitle "IM"]
[BlackElo "2475"]
[Result "0-1"]
[PlyCount "76"]
[EventDate "1978.12.28"]

1. e4 c5 2. Nf3 d6 3. Bb5+ Nd7 4. d4 Ngf6 5. O-O Nxe4 6. Qe2 Nef6 7. Bg5 cxd4 8. Bxf6 gxf6 9. Nxd4 a6 10. Bxd7+ Bxd7 11. Nc3 Qa5 12. Qf3 O-O-O 13. Nd5 e6 14. Nxf6 Bg7 15. Rad1 d5 16. Rd3 Qc7 17. Rfd1 Kb8 18. c4 Ba4 19. b3 dxc4 20. Rc1 Qa5 21. bxc4 e5 22. Nb3 Rxd3 23. Qxd3 Qd8 24. Nd5 Bc6 25. Nc5 Qa5 26. Qg3 Qd2 27. Nd3 Re8 28. Qxg7 Qxd3 29. Qxf7 Rc8 30. Ne7 Rc7 31. Qf8+ Ka7 32. Nc8+ Kb8 33. Nb6+ Ka7 34. c5 Be8 35. Qxe8 Rxc5 36. Nc8+ Kb8 37. Re1 Qe2 38. Ne7+ Ka7 {Source: Informator 27/399} 0-1

[Event "54th Hastings it"]
[Site "Hastings ENG"]
[Date "1979.01.06"]
[Round "9"]
[White "Suba, Mihai"]
[WhiteTitle "IM"]
[WhiteElo "2415"]
[Black "Christiansen, Larry"]
[BlackTitle "GM"]
[BlackElo "2475"]
[Result "0-1"]
[PlyCount "112"]
[EventDate "1978.12.28"]

1. c4 e5 2. Nc3 Nf6 3. Nf3 Nc6 4. g3 Bb4 5. Nd5 Bc5 6. Bg2 O-O 7. O-O Re8 8. d3 Nxd5 9. cxd5 Nd4 10. Nd2 d6 11. e3 Nf5 12. Ne4 Bb6 13. b4 Bd7 14. Nd2 a6 15. Nc4 Ba7 16. Bd2 Qf6 17. Na5 Rab8 18. Rc1 Bb6 19. Nc4 Ba7 20. Rc3 Qg6 21. h3 Ne7 22. Na5 Bb6 23. Qe2 f5 24. Kh2 Qf7 25. Qf3 Bxa5 26. bxa5 c6 27. e4 cxd5 28. exd5 Rec8 29. Rfc1 Rxc3 30. Rxc3 Rc8 31. Rxc8+ Nxc8 32. Qd1 Bb5 33. Qc2 Qd7 34. Bb4 Ne7 35. Qc3 h6 36. Bf3 Kh7 37. Qa3 Nc8 38. Bd1 Qc7 39. Qb3 b6 40. a4 bxa5 41. Bd2 Be8 42. Qc4 Qb6 43. Be3 Qb7 44. f4 exf4 45. Bxf4 Bf7 46. Qc6 Qb2+ 47. Qc2 Qd4 48. Bf3 Nb6 49. Bxd6 Bxd5 50. Bc5 Qxa4 51. Qf2 Bxf3 52. Qxf3 Qa2+ 53. Bf2 Qd5 54. Qf4 Nd7 55. Bd4 Nf8 56. Be3 (56. Bc3 Ne6 {0-1 is given by Mega Database 2022. It does seem slightly more likely than the text.}) 56... Ne6 {Source: International Chess, No.1 (February 1979)} 0-1

[Event "54th Hastings it"]
[Site "Hastings ENG"]
[Date "1979.01.07"]
[Round "10"]
[White "Christiansen, Larry"]
[WhiteTitle "GM"]
[WhiteElo "2475"]
[Black "Botterill, George Steven"]
[BlackElo "2390"]
[Result "1-0"]
[PlyCount "139"]
[EventDate "1978.12.28"]

1. c4 Nf6 2. Nc3 c5 3. Nf3 d5 4. cxd5 Nxd5 5. d4 g6 6. Bd2 cxd4 7. Nxd4 Bg7 8. e4 Nb6 ({Not} 8... Bxd4 $2 9. Qa4+) ({but} 8... O-O {might be possible.}) 9. Be3 O-O 10. Be2 Nc6 {After this move White gets slightly the better pawn structure - but Black's position is very active.} 11. Nxc6 bxc6 12. O-O Be6 13. Qc2 Qc8 14. Rfd1 c5 15. Rac1 Qb7 $5 {Black sacrifices a pawn for more activity.} 16. Bxc5 Rfc8 17. Be3 (17. b4 $5 {would be rather loosening, e.g.} a5 18. Qb1 (18. Bxb6 axb4) 18... Nd7) ({Perhaps White should try} 17. Bxb6 {to keep his pawn or 17 Bd4(!) but in any case Black should retain plenty of chances.}) 17... Bxa2 {In fact White had missed this.} 18. b3 Rxc3 19. Qxa2 Rxc1 20. Rxc1 Rc8 21. Rxc8+ Nxc8 22. Qa4 {White has the advantage since has the bishop pair in a position where there is still play on both sides of the board.} Kf8 23. Ba6 Qc7 24. Qc4 Qxc4 25. bxc4 Nb6 26. c5 Na8 27. c6 Nc7 28. Bc4 a6 29. f4 (29. Bf4 $5 {would force} e5) 29... Ke8 30. Kf2 e6 31. e5 Bf8 32. Ke2 Bb4 33. Kd3 Kd8 34. Bb6 Kc8 35. Kc2 a5 36. Kb3 Bd2 37. g3 ({"Here my bulletin gives} 37. Ka4 {allowing} Be1 (37... Bxf4 {. "This I do not believe as White had played g3 in the adjourned position. I shall continue to give the score as in the bulletin, but please bear in mind that White's g3 was left out." (Unattributed comment in International Chess No.1 (February 1979) - probably one of the two players? Whoever it was continues giving the moves...}) 38. Bxa5 Bxa5 39. Kxa5 Na8 40. Kb5 Kc7 41. Kc5 Nb6 42. Bb3 Nc8 43. Bc2 Ne7 {"Black has just sealed. During his adjournment analysis Christiansen decided rightly or wrongly, that he must prevent ...h5 at all costs. He therefore played the awful} 44. g4 $4 {(JS note - now the two versions of the score finally merge)}) 37... Be1 38. Ka4 Bd2 39. Bxa5 Bxa5 40. Kxa5 Na8 41. Kb5 Kc7 42. Kc5 Nb6 43. Bb3 Nc8 44. Bc2 Ne7 45. g4 Ng8 $4 ({"Black should not play} 45... Nxc6 46. Ba4 Nd8 ({Stockfish 17:} 46... Ne7 47. Be8 Nd5 $11) 47. Be8) ({"but he has} 45... Nd5 $1 {and if} 46. f5 {then} Ne3 {- Black will emerge with an extra pawn!"}) 46. Be4 Ne7 47. h3 Ng8 48. h4 $2 ({"White should have played the immediate} 48. f5 gxf5 49. gxf5 exf5 50. Bxf5 h6 51. h4 Ne7 52. Be4 Ng8 53. h5 $1 Ne7 54. Bd5 {zugzwang - this is the position White is aiming for."}) 48... Ne7 (48... Nh6 $1 {would render it very hard for White to force through f5.}) 49. Bf3 (49. f5 $1) 49... Ng8 50. h5 Ne7 (50... Nh6 $1) 51. Be4 gxh5 (51... Ng8 52. f5) 52. gxh5 h6 53. Kb5 Nc8 54. Kc5 Na7 55. Bg2 Nc8 56. Bf3 Ne7 ({Stockfish 17:} 56... Nb6 $11) 57. Be4 Ng8 58. f5 exf5 59. Bxf5 Ne7 60. Be4 Nc8 (60... Ng8 61. Bg2 Ne7 62. Bd5 {zugzwang}) 61. Bf3 Nb6 62. Bd1 Nc8 63. Bb3 Nb6 64. Bxf7 Na4+ 65. Kd4 Nb6 66. Be8 Nc8 67. Bd7 Nb6 68. Ke4 Kd8 69. Kf5 Ke7 70. Be6 {Source: International Chess No.1 (February 1979), with comments by one of the players (not clear which one). The score has been amended to incorporate an extra pair of moves suggested by the original annotator. JS} 1-0

[Event "54th Hastings it"]
[Site "Hastings ENG"]
[Date "1979.01.07"]
[Round "10"]
[White "Hartston, William Roland"]
[WhiteTitle "IM"]
[WhiteElo "2485"]
[Black "Peters, John"]
[BlackElo "2475"]
[Result "1-0"]
[PlyCount "63"]
[EventDate "1978.12.28"]

1. Nf3 Nf6 2. g3 b5 3. Bg2 Bb7 4. d3 g6 $2 (4... e6 {, ...d6, ...c5, ...Be7 Hartston}) 5. c3 $1 c5 $2 (5... Bg7 6. a4 a6 7. Qb3 c6 {Hartston}) 6. a4 a6 7. axb5 axb5 8. Rxa8 Bxa8 9. Qb3 Qb6 10. Na3 Bc6 11. O-O Qb7 12. Be3 Na6 $2 (12... e6 {Hartston}) 13. Ra1 $1 $18 Ng4 14. Nxb5 Qxb5 15. Qxb5 Bxb5 16. c4 Bc6 17. Rxa6 Nxe3 18. fxe3 Bh6 19. Kf2 Bxf3 20. Bxf3 O-O 21. Ra7 Rb8 22. Rxd7 e6 23. Bb7 Bg7 24. b3 Bc3 25. Kf3 f5 26. d4 Bb4 27. Rc7 cxd4 28. exd4 Bc3 29. e3 g5 30. c5 g4+ 31. Ke2 e5 32. d5 {Source: CHESS, January 1979, Vol.44/809-10, p119} 1-0

[Event "54th Hastings it"]
[Site "Hastings ENG"]
[Date "1979.01.10"]
[Round "12"]
[White "Christiansen, Larry"]
[WhiteTitle "GM"]
[WhiteElo "2475"]
[Black "Balshan, Amikam"]
[BlackElo "2430"]
[Result "1-0"]
[PlyCount "79"]
[EventDate "1978.12.28"]

1. c4 c6 2. e4 e5 3. Nf3 Qc7 4. d4 d6 5. Nc3 Bg4 $6 6. Be2 Nd7 7. O-O Ngf6 8. Be3 Be7 9. d5 O-O 10. Nd2 $1 Bxe2 11. Qxe2 Ne8 12. b4 c5 13. bxc5 dxc5 14. Rab1 a6 15. f4 f6 16. f5 Nd6 17. Rb3 Rab8 18. a4 Bd8 19. Ra1 b6 20. Rab1 Be7 21. Bf2 Kh8 22. Nf3 Rg8 23. Nh4 $1 g5 24. fxg6 hxg6 25. Nd1 Nf8 26. Rh3 Kg7 27. Ne3 Kf7 28. Nhf5 $1 Ke8 (28... gxf5 29. Qh5+ Ng6 30. exf5) 29. Nxd6+ Qxd6 30. Ng4 Kd8 31. Kh1 $6 Kc7 32. Be1 Nd7 33. Nh6 $6 (33. Ne3) 33... Rgf8 34. Qg4 f5 $1 35. exf5 Qf6 $1 36. Bh4 g5 37. Bg3 Rh8 38. Qh5 Bf8 39. d6+ Kc8 $4 (39... Qxd6 40. Rd1 Rxh6 41. Rxd6 Rxh5 42. Rxd7+ Kxd7 43. Rxh5 b5 {with good chances of a draw.}) 40. Qe8+ {Source: Jaque, March 1979, No.87} 1-0

[Event "54th Hastings it"]
[Site "Hastings ENG"]
[Date "1979.01.11"]
[Round "13"]
[White "Csom, Istvan"]
[WhiteTitle "GM"]
[WhiteElo "2510"]
[Black "Christiansen, Larry"]
[BlackTitle "GM"]
[BlackElo "2475"]
[Result "1-0"]
[PlyCount "153"]
[EventDate "1978.12.28"]

1. c4 b6 2. Nc3 e6 3. e4 Bb7 4. Nf3 Bb4 5. Qb3 a5 (5... c5 {Csom-Keene, Hannover 1976}) 6. a3 Bxc3 7. Qxc3 Nf6 (7... Bxe4 8. Qxg7 Qf6 9. Qxf6 Nxf6 10. Be2 $14 {Christiansen}) 8. d3 d6 (8... a4 {Csom}) 9. b4 Nc6 10. Rb1 axb4 11. axb4 O-O 12. Be2 b5 $5 13. cxb5 (13. c5 d5 $2 {Csom}) 13... Na7 14. b6 Nb5 (14... cxb6 15. b5 $16 {Csom}) 15. bxc7 Nxc3 16. cxd8=Q Rfxd8 17. Rb3 Rdc8 18. Bb2 Nxe2 19. Kxe2 d5 (19... Rc2+ 20. Nd2 Ra2 21. Rb1 {and 22 Kd1 Csom}) 20. e5 Rc2+ 21. Nd2 Nd7 22. Bd4 Raa2 23. Rd1 f6 24. f4 Kf7 25. Rbb1 Nf8 26. g3 Ng6 27. Ra1 Ne7 28. Rxa2 Rxa2 29. Ra1 Rxa1 30. Bxa1 Ba6 31. exf6 gxf6 32. Nf3 Nc6 33. Bc3 h5 34. Ke3 Ke7 35. h3 f5 36. Bd4 Bb5 37. Bc5+ Kd7 38. Ng5 d4+ 39. Kd2 e5 40. Nf3 exf4 41. gxf4 Ke6 42. Ng1 {(sealed)} Ba6 43. Ne2 Kf7 44. Ng3 Kg6 45. Ke2 Bb5 46. Nf1 Kf7 47. Ng3 Kg6 48. h4 Ba4 49. Nf1 Kf7 50. Nd2 Ke6 51. Nc4 Bb5 52. Na3 Ba4 53. b5 Kd5 54. bxc6 Kxc5 55. c7 Bd7 56. Nc2 Bc8 57. Kd2 Ba6 58. Ne1 Bc8 59. Nf3 Bd7 60. Kc2 Bc8 61. Ng1 Kd6 62. Ne2 Kc5 63. Ng3 Kd6 64. Nxh5 Kxc7 65. Ng3 Kd6 66. Ne2 Kd5 67. h5 Be6 68. Ng1 Bg8 69. Nf3 Ke6 70. Nxd4+ Kf6 71. Ne2 Bf7 72. Ng3 Ke6 73. Kc3 Kd5 74. h6 Bg6 75. Ne2 Ke6 76. Nd4+ Kf6 77. Nf3 {Sources: CHESS, March 1979, Vol.44/813-4, p176; Informator 27/18} 1-0

[Event "54th Hastings it"]
[Site "Hastings ENG"]
[Date "1979.01.14"]
[Round "15"]
[White "Christiansen, Larry"]
[WhiteTitle "GM"]
[WhiteElo "2475"]
[Black "Biyiasas, Peter"]
[BlackTitle "IM"]
[BlackElo "2485"]
[Result "1/2-1/2"]
[PlyCount "96"]
[EventDate "1978.12.28"]

1. c4 Nf6 2. Nc3 g6 3. e4 d6 4. d4 Bg7 5. Be2 O-O 6. Nf3 e5 7. Be3 Ng4 8. Bg5 f6 9. Bc1 Nc6 10. O-O Nh6 11. h3 Nf7 12. Be3 f5 13. dxe5 dxe5 14. exf5 gxf5 15. Qd5 Nd4 16. Rad1 c6 17. Qxd8 Nxe2+ 18. Nxe2 Rxd8 19. Rxd8+ Nxd8 20. Rd1 Be6 21. b3 Nf7 22. Ng5 Nxg5 23. Bxg5 Kf7 24. f3 b5 25. cxb5 cxb5 26. Rd8 Rxd8 27. Bxd8 Ke8 28. Ba5 Bf8 29. Bc7 Bg7 30. Ba5 Bd7 31. Bc3 Kf7 32. Nc1 Be8 33. Kf2 Bh6 34. Nd3 e4 35. fxe4 fxe4 36. Nc5 Bc6 37. Bd4 e3+ 38. Bxe3 Bxe3+ 39. Kxe3 Bxg2 40. h4 a5 41. a3 Ke7 42. b4 a4 43. Kd4 Kd6 ({Some sources give} 43... Kf6 {here.}) 44. Ne4+ Bxe4 45. Kxe4 Ke6 46. h5 h6 47. Kd4 Kd6 48. Ke4 Ke6 {Source: International Chess No.1 (February 1979)} 1/2-1/2